Responses for show #7607 - Tuesday, October 10, 2017

Austin Rogers game 11.

Contestants

Sarah Favorite, a graduate student and health data specialist from Williston, North Dakota

Chris Cardinal, a software entrepreneur from Phoenix, Arizona

Austin Rogers, a bartender from New York, New York (whose 10-day cash winnings total $365,400)

Jeopardy! Round responses

EXPLORING THE WORLD
(Alex: With Sven Lindblad, CEO of Lindblad Expeditions.)
FIRST NAMES IN THE DICTIONARY
2017 MOVIE TAGLINES
CHURCHILL, FDR OR STALIN
TRANS"PO"TATION
THE WRITING STUFF
    $200 2
[ERRATUM: Improper punctuation in the clue.]

Antarctica

Chris
    $200 14
art

Austin
    $200 1
Beauty and the Beast

Sarah
    $200 17
Stalin

Austin
    $200 9
pole position

Austin
    $200 22
a euphemism

Chris
    $400 3
the Galápagos Islands

Chris
    $400 30
curt

Sarah
    $400 5
Wonder Woman

Austin
    $400 18
(Chris: Who is FDR?)
...
(Alex: 1965.)

Churchill

AustinChris
    $400 10
Poseidon

Sarah
    $400 23
a rough draft

Chris
    $600 4
(Sarah: What is the Yucatán?)
(Chris: What is the Yucatán?)

Baja California

AustinChrisSarah
    $600 29
rosemary

Chris
    $600 6
The Emoji Movie

Chris
    $600 19
(Sarah: Who is Stalin?)

FDR

ChrisSarah
    $600 11
powerboat

Triple Stumper
    $600 24
(Chris: What is payable on delivery?)

printing on demand

Chris
Triple Stumper
    $800 12
Borneo

Sarah
    $800 28
jimmy

Austin
    $800 7
Split

Triple Stumper
    $800 20
Stalin

Austin
    $1,400 15
the Pony Express

Austin
    $800 26
(Alex: We have less than a minute to deal with the last four clues.)

irony

Triple Stumper
    $1000 13
(Alex: And of course, our thanks to Sven for doing such a good job on that category. I'm looking forward to going to South Georgia Island with you, Sven.)

Norway

Triple Stumper
    $1000 27
bill

Triple Stumper
    $1000 8
Get Out

Triple Stumper
    $1000 21
FDR

Chris
    $1000 16
a pontoon plane

Austin
    $1000 25
writer's block

Chris

Scores at the first commercial break (after clue 15):

Austin Chris Sarah
$2,800 $600 $800

Scores at the end of the Jeopardy! Round:

Austin Chris Sarah
$6,000 $3,400 $600

Double Jeopardy! Round responses

ZOOLOGY
19th CENTURY SPORTS
THE NEWSPAPER GAME
IN DISPENSABLE
(Alex: Each correct response will be a word made up of the letters you can find in the word "dispensable.")
A KNIGHT
AT THE OPERA
    $400 18
the pelican

Chris
    $400 10
Yale and Harvard

Chris
    $400 9
USA Today

Austin
    $400 6
spine

Austin
    $400 24
Lancelot

Sarah
    $400 1
Don Giovanni

Sarah
    $800 20
(Alex: And I misled you a moment ago. There is a Daily Double still in play on the board.)

the opossum

Austin
    $800 12
Naismith

Austin
    $800 16
the masthead

Chris
    $800 7
biplane

Austin
    $800 25
a jester

Austin
    $800 2
Das Rheingold

Triple Stumper
    $1200 21
a scorpion

Sarah
    $1200 13
(Austin: Who is Cleveland?)

Benjamin Harrison

Austin
Triple Stumper
    $1200 11
New Orleans

Austin
    $1200 8
enable

Chris
    $1200 26
the Green Knight

Austin
    $1200 3
Rip Van Winkle

Austin
    $1600 22
lemurs

Austin
    $1600 14
Pittsburgh

Austin
    $1600 17
Pinocchio

Austin
    $1600 29
sable

Triple Stumper
    $1600 27
Parsifal (or Sir Percival)

Austin
    $1600 4
Rigoletto

Sarah
    $3,500 23
a narwhal

Austin
    $2000 15
Newport

Austin
    $5,000 19
(Alex: No more Daily Doubles on the board.)

the telegraph

Chris
    $2000 30
(Austin: What is [*]?)
(Alex: We'll accept that, even though we phrased it in the past.)

snipe

Austin
    $2000 28
(Sarah: What is a Moor?)

Saracen

Sarah
Triple Stumper
    $2000 5
the false Dimitri

Triple Stumper

Scores at the end of the Double Jeopardy! Round:

Austin Chris Sarah
$26,300 $11,200 $2,200
(lock game)

[wagering suggestions for these scores]

Final Jeopardy! Round responses

20th CENTURY NOVELS
SarahWhat is 1984?
$2,100
ChrisWhat is Picture of Dorian Gray?
$0
AustinWhat is 1984?
$3,000
1984

Final scores:

Austin Chris Sarah
$29,300 $11,200 $4,300
11-day champion: $394,700 2nd place: $2,000 3rd place: $1,000

Game dynamics:

Coryat scores:

Austin Chris Sarah
$24,200 $8,200 $2,200
26 R
(including 2 DDs),
1 W
14 R
(including 1 DD),
3 W
8 R,
3 W

Combined Coryat: $34,600

The J! Archive is created by fans, for fans. The Jeopardy! game show and all elements thereof, including but not limited to copyright and trademark thereto, are the property of Jeopardy Productions, Inc. and are protected under law. This website is not affiliated with, sponsored by, or operated by Jeopardy Productions, Inc. Join the discussion at JBoard.tv.